| 000 | 00730cam a22002291 4500 | ||
|---|---|---|---|
| 001 | ne 67001474 | ||
| 003 | DLC | ||
| 005 | 20260227111834.0 | ||
| 008 | 900517s1966 le b b 000 0 arar | ||
| 010 | _ane 67001474 | ||
| 035 | _a(OCoLC)21550354 | ||
| 040 |
_aDLC _cWaU _dDLC |
||
| 042 | _apremarc | ||
| 050 | 0 | 0 |
_aDS149 _b.K478 |
| 100 | 1 | _aKayyālī, ʻAbd al-Wahhāb. | |
| 245 | 1 | 3 |
_aal-Maṭāmiʻ al-Ṣahyūnīyah al-tawassuʻīyah, _cbi-qalam ʻAbd al-Wahhāb Kayyālī. |
| 260 |
_aBayrūt, _bMunaẓẓamat al-Taḥrīr al-Filasṭīnīyah, Markaz al-Abḥāth, _c1966. |
||
| 300 |
_a136 p. _bmaps. _c19 cm. |
||
| 440 | 0 |
_aDirāsāt Filasṭīnīyah ; _v3 |
|
| 504 | _aBibliographical footnotes. | ||
| 650 | 0 | _aZionism. | |
| 999 |
_c49755 _d49755 |
||